Perspektívy spolupráce Európskej únie a Ruskej federácie v oblasti energetiky
Súčasné problémy v energetickej spolupráci EÚ a Ruska. Scenáre spolupráce v plynárenstve. Strom možných scenárov ruských dodávok plynu do EÚ. Varianty rozvoja vzťahov v plynovej oblasti. Návrhy na obnovu energetického dialógu medzi Európskou úniou a Ruskom.
Guardado en:
| Autor principal: | |
|---|---|
| Formato: | Capítulo de libro |
| Lenguaje: | eslovaco |
| Materias: | |
| Etiquetas: |
Sin Etiquetas, Sea el primero en etiquetar este registro!
|
MARC
| LEADER | 00000naa a2200000 4500 | ||
|---|---|---|---|
| 001 | 0256982 | ||
| 005 | 20240502074100.1 | ||
| 041 | 0 | |a slo | |
| 044 | |a SK | ||
| 245 | 1 | 0 | |a Perspektívy spolupráce Európskej únie a Ruskej federácie v oblasti energetiky |c Alexey Dukhanin |
| 520 | |a Súčasné problémy v energetickej spolupráci EÚ a Ruska. Scenáre spolupráce v plynárenstve. Strom možných scenárov ruských dodávok plynu do EÚ. Varianty rozvoja vzťahov v plynovej oblasti. Návrhy na obnovu energetického dialógu medzi Európskou úniou a Ruskom. | ||
| 610 | 2 | 0 | |a Európska únia |
| 610 | 2 | 0 | |a Rusko |
| 610 | 2 | 0 | |a plyn zemný |
| 610 | 2 | 0 | |a plynovody |
| 610 | 2 | 0 | |a priemysel plynárenský |
| 610 | 2 | 0 | |a politika energetická |
| 610 | 2 | 0 | |a spolupráca medzinárodná |
| 100 | 1 | |a Dukhanin, Alexey | |